00382nam a2200145Ia 4500003000400000008004100004040001600045082001300061100001600074245005600090260004200146300001000188650001500198650002300213GCL140319s9999 xx 000 0 eng d aGCL / cGCL04a182bL I1 aLUCE, J. V.10aAN INTRODUCTION TO GREEK PHILOSOPHY / cLUCE, J. V. a[S.N] : bTHAMES AND HUDSON ، c1992 a174 P04aPHILOSOPHY04aGREEK - PHILOSOPHY